Detalles MARC
| 000 -LEADER |
| fixed length control field |
02855nam a2200421Ii 4500 |
| 001 - CONTROL NUMBER |
| control field |
DIGPUZ0510 |
| 003 - CONTROL NUMBER IDENTIFIER |
| control field |
NyNyDIG |
| 008 - FIXED-LENGTH DATA ELEMENTS--GENERAL INFORMATION |
| fixed length control field |
141201t20132013sp a ob 000 0 spa d |
| 006 - FIXED-LENGTH DATA ELEMENTS--ADDITIONAL MATERIAL CHARACTERISTICS |
| fixed length control field |
m o d |
| 007 - PHYSICAL DESCRIPTION FIXED FIELD--GENERAL INFORMATION |
| fixed length control field |
cr ||||||||||| |
| 040 ## - CATALOGING SOURCE |
| Original cataloging agency |
DGITA |
| Language of cataloging |
eng |
| Description conventions |
rda |
| -- |
pn |
| Transcribing agency |
DGITA |
| 020 ## - INTERNATIONAL STANDARD BOOK NUMBER |
| Canceled/invalid ISBN |
9788415770503 |
| 020 ## - INTERNATIONAL STANDARD BOOK NUMBER |
| Canceled/invalid ISBN |
8415770502 |
| 041 0# - LANGUAGE CODE |
| Language code of text/sound track or separate title |
spa |
| -- |
fre |
| 050 14 - LIBRARY OF CONGRESS CALL NUMBER |
| Classification number |
NA3390 eBook |
| 245 00 - TITLE STATEMENT |
| Title |
Sobre el color en el acabado de la arquitectura histórica / |
| Statement of responsibility, etc. |
Carmen Gómez Urdáñez (coordinadora). |
| 250 ## - EDITION STATEMENT |
| Edition statement |
Primera edición. |
| 264 #1 - PRODUCTION, PUBLICATION, DISTRIBUTION, MANUFACTURE, AND COPYRIGHT NOTICE |
| Place of production, publication, distribution, manufacture |
Zaragoza : |
| Name of producer, publisher, distributor, manufacturer |
Prensas Universitarias de Zaragoza, |
| Date of production, publication, distribution, manufacture, or copyright notice |
2013. |
| 264 #4 - PRODUCTION, PUBLICATION, DISTRIBUTION, MANUFACTURE, AND COPYRIGHT NOTICE |
| Date of production, publication, distribution, manufacture, or copyright notice |
©2013 |
| 300 ## - PHYSICAL DESCRIPTION |
| Extent |
1 online resource (350 pages) : |
| Other physical details |
illustrations. |
| 336 ## - CONTENT TYPE |
| Content type term |
text |
| Content type code |
txt |
| Source |
rdacontent |
| 337 ## - MEDIA TYPE |
| Media type term |
computer |
| Media type code |
c |
| Source |
rdamedia |
| 338 ## - CARRIER TYPE |
| Carrier type term |
online resource |
| Carrier type code |
cr |
| Source |
rdacarrier |
| 504 ## - BIBLIOGRAPHY, ETC. NOTE |
| Bibliography, etc. note |
Includes bibliographical references. |
| 505 0# - FORMATTED CONTENTS NOTE |
| Formatted contents note |
La polychromie de l'architecture est-elle une oeuvre d'art? de sa redécouverte à sa restauration : l'importance de la couleur dans l'étude des édifices médiévaux / Anne vuillemard-Jenn -- Le goût de la pierre de taille en Picardie aux XIe et XIIe siécles : pierre apparente et pierre feinte / Géraldine Victoir -- Las primeras capillas en la cabecera de la catedral de Tarazona. Arquitectura, usos y acabados cromáticos medievales / María del Carmen Gómez Urdáñez -- La química analítica en el estudio y conservación del patrimonio / Josefina Pérez Arantegui -- Criterios de intervención en la pintura mural de un monasterio medieval / Carmen Rallo Gruss -- Los revestimientos cromáticos en la iconografía arquitectónica medieval. Estudio de algunos casos de coincidencia en la baja edad media hispana / Antonio Olmo Gracia -- Color y arquitectura e la Europa moderna / Miguel Hermoso Cuesta -- Un adorno con mensaje. Algunos aspectos obre la decoración las bóvedas en los conventos de Nueva España / María Celia Fontana Calvo -- Entelar el muro : los revestimientos textiles en la arquitectura occidental / Ana María Ágreda Pino -- El valor del color en la arqutectura moderna / Mónica Vázquez Astorga. |
| 546 ## - LANGUAGE NOTE |
| Language note |
Spanish, French. |
| 588 0# - SOURCE OF DESCRIPTION NOTE |
| Source of description note |
Online resource; title from PDF title page (Digitalia, viewed October 27, 2014) |
| 650 #0 - SUBJECT ADDED ENTRY--TOPICAL TERM |
| Topical term or geographic name entry element |
Color in architecture. |
| 650 #0 - SUBJECT ADDED ENTRY--TOPICAL TERM |
| Topical term or geographic name entry element |
Architecture, Medieval |
| 655 #0 - INDEX TERM--GENRE/FORM |
| Genre/form data or focus term |
Electronic books. |
| 700 1# - ADDED ENTRY--PERSONAL NAME |
| Personal name |
Gómez Urdáñez, Carmen, |
| Relator term |
editor of the compilation. |
| 791 2# - |
| -- |
Digitalia (Firm), |
| -- |
distributor. |
| 793 0# - |
| -- |
Digitalia eBook Collection: |
| -- |
Prensas Universitarias de Zaragoza |
| 776 08 - ADDITIONAL PHYSICAL FORM ENTRY |
| Relationship information |
Print version: |
| Title |
Sobre el color en el acabado de la arquitectura histórica. |
| Place, publisher, and date of publication |
Zaragoza, España : Prensas Universitarias de Zaragoza, 2013 |
| International Standard Book Number |
9788415770503. |
| 856 40 - ELECTRONIC LOCATION AND ACCESS |
| Materials specified |
Digitalia Hispánica |
| Uniform Resource Identifier |
<a href="https://www.digitaliapublishing.com/a/29133/">https://www.digitaliapublishing.com/a/29133/</a> |
| 910 ## - USER-OPTION DATA (OCLC) |
| User-option data |
Premium Collection: 2014 |
| 942 ## - ADDED ENTRY ELEMENTS (KOHA) |
| Koha item type |
Recurso Electrónico |